000 00462nam a2200133Ia 4500
005 20260209120136.0
008 260209s9999||||xx |||||||||||||| ||und||
100 _aRicha Singh
245 0 _aContemporary development of judicial activism - a study
260 _aBangaloreBangalore
_bNLSIU
_c2015
300 _a90 p. ; 25 cm.
700 _aProf. (Dr.) V Vijayakumar - GuideProf. (Dr.) V Vijayakumar - Guide
856 _uhttps://dans.nls.ac.in/handle/123456789/1603
999 _c217227
_d217227